[Event "Weekend A"]
[Site "Bergamo ITA"]
[Date "1998.10.??"]
[Round "1"]
[White "Fragni, Enrico"]
[Black "Di Lernia, Ruggero"]
[Result "0-1"]
[WhiteElo "1822"]
[BlackElo "1726"]
[PlyCount "120"]
[EventDate "1998.10.24"]

1. d4 d5 2. f3 Nf6 3. Be3 c6 4. Bf2 Qb6 5. b3 Bf5 6. e3 e6 7. Bd3 Bg6 8. Ne2 c5
9. O-O cxd4 10. exd4 Nc6 11. c3 Bd6 12. Qc2 Rc8 13. a3 Bxd3 14. Qxd3 Qxb3 15.
Nd2 Qb6 16. c4 Qc7 17. Ng3 O-O 18. cxd5 Nxd5 19. Nde4 Nf4 20. Qd2 Rfd8 21. Nxd6
Qxd6 22. Ne4 Qb8 23. Bg3 Nxd4 24. Bxf4 Qxf4 25. Qxf4 Ne2+ 26. Kf2 Nxf4 27. Rad1
h6 28. Kg3 Ne2+ 29. Kf2 Nd4 30. Rd2 Rc2 31. Rfd1 Rdc8 32. Ke3 Rxd2 33. Rxd2
Nc2+ 34. Kd3 Nxa3 35. Ra2 Nb5 36. Nd2 Rc3+ 37. Ke2 Ra3 38. Rb2 Nc3+ 39. Kd3
Nd1+ 40. Rb3 Rxb3+ 41. Nxb3 Nb2+ 42. Kd4 Na4 43. Kc4 Nb6+ 44. Kb5 Nd7 45. Na5
a6+ 46. Kb4 b6 47. Nc6 a5+ 48. Kb5 Kf8 49. h4 g5 50. hxg5 hxg5 51. g3 f5 52.
Nd4 Ke7 53. Kc6 a4 54. Kb5 a3 55. Kb4 a2 56. Nc2 Ne5 57. f4 gxf4 58. gxf4 Nd3+
59. Ka3 Nxf4 60. Kxa2 Kd6 0-1

[Event "Weekend A"]
[Site "Bergamo ITA"]
[Date "1998.10.??"]
[Round "1"]
[White "Manzoni, Alessandro"]
[Black "Lussana, Marco"]
[Result "0-1"]
[WhiteElo "1800"]
[BlackElo "1872"]
[PlyCount "104"]
[EventDate "1998.10.24"]

1. d3 Nf6 2. g3 g6 3. Bg2 Bg7 4. e4 d6 5. Ne2 O-O 6. Nbc3 c5 7. Bg5 Nc6 8. Qd2
Rb8 9. Bh6 b5 10. Bxg7 Kxg7 11. h4 h5 12. O-O b4 13. Nd1 d5 14. exd5 Nxd5 15.
Ne3 Be6 16. Nf4 Nxf4 17. Bxc6 Qd6 18. Bh1 Nd5 19. Nxd5 Bxd5 20. Bxd5 Qxd5 21.
Qe3 e5 22. Rfe1 f6 23. Qe4 Qd4 24. Rab1 Rfd8 25. Kg2 Rb6 26. f4 Re8 27. Kf3
Rbe6 28. f5 Qxe4+ 29. Kxe4 Rd6 30. fxg6 Kxg6 31. Ra1 Rd4+ 32. Kf3 c4 33. dxc4
Rxc4 34. Rac1 Rec8 35. Re2 R8c6 36. Rd2 Ra6 37. Ra1 Kf5 38. Rf2 e4+ 39. Ke3+
Ke5 40. Raf1 Rxa2 41. Rf5+ Kd6 42. Rxf6+ Kc7 43. Rf7+ Kb6 44. R1f6+ Rc6 45.
Kxe4 Rxb2 46. Kd3 Rbxc2 47. g4 hxg4 48. h5 b3 49. h6 b2 50. Rf8 Rh2 51. Rb8+
Kc7 52. Rxc6+ Kxb8 0-1

[Event "Weekend A"]
[Site "Bergamo ITA"]
[Date "1998.10.??"]
[Round "1"]
[White "Marino, Marco"]
[Black "Qendro, Llambi"]
[Result "0-1"]
[WhiteElo "1776"]
[BlackElo "2375"]
[PlyCount "68"]
[EventDate "1998.10.24"]

1. e4 g6 2. d4 Bg7 3. g3 d5 4. e5 c5 5. c3 Nc6 6. Na3 cxd4 7. cxd4 Nh6 8. Bh3
Bxh3 9. Nxh3 Nf5 10. Nc2 Qb6 11. Be3 O-O 12. Rb1 f6 13. e6 Rad8 14. Qg4 Nb4 15.
Nxb4 Qxb4+ 16. Kf1 Rc8 17. Nf4 Rc2 18. h4 Rfc8 19. Rd1 Qxb2 20. Nd3 Nxe3+ 21.
fxe3 Qxa2 22. h5 Rh2 23. Rxh2 Qxh2 24. hxg6 Qh1+ 25. Ke2 Rc2+ 26. Rd2 Qg2+ 27.
Nf2 Rxd2+ 28. Kxd2 Qxf2+ 29. Kd3 Qf1+ 30. Kd2 Qg2+ 31. Kc3 Qe4 32. gxh7+ Qxh7
33. Qf4 Qe4 34. Qb8+ Kh7 0-1

[Event "Weekend A"]
[Site "Bergamo ITA"]
[Date "1998.10.??"]
[Round "1"]
[White "Stefanelli, Alfredo"]
[Black "Mazzotti, Federico"]
[Result "1-0"]
[WhiteElo "1714"]
[BlackElo "1773"]
[PlyCount "65"]
[EventDate "1998.10.24"]

1. d4 Nf6 2. Nf3 g6 3. c4 Bg7 4. Nc3 O-O 5. e4 d6 6. Bd3 Nc6 7. d5 Nb4 8. Be2
e5 9. a3 Na6 10. O-O Nd7 11. Bg5 f6 12. Be3 f5 13. Bg5 Qe8 14. exf5 gxf5 15.
Nh4 Bf6 16. Bh5 Qd8 17. Bxf6 Qxf6 18. g3 Qh6 19. b4 Nf6 20. Bf3 f4 21. Bg2 fxg3
22. hxg3 Ng4 23. Bf3 Rf4 24. Qe2 Bd7 25. gxf4 Qxh4 26. Bxg4 Bxg4 27. f3 Bh3 28.
Qh2 Kh8 29. Kh1 exf4 30. Rg1 Re8 31. Ne4 h5 32. Rg6 Nb8 33. Rag1 1-0

[Event "Weekend A"]
[Site "Bergamo ITA"]
[Date "1998.10.??"]
[Round "2"]
[White "Fragni, Enrico"]
[Black "Manzoni, Alessandro"]
[Result "1-0"]
[WhiteElo "1822"]
[BlackElo "1800"]
[PlyCount "39"]
[EventDate "1998.10.24"]

1. d4 d5 2. g3 c6 3. Bg2 Nf6 4. Nf3 Bg4 5. Nc3 Nbd7 6. Bf4 Nh5 7. Qd2 e6 8. O-O
Be7 9. e4 dxe4 10. Nxe4 Nb6 11. c3 Nc4 12. Qc1 Nxf4 13. gxf4 Nd6 14. Ng3 Bxf3
15. Bxf3 Bh4 16. Kh1 Qf6 17. Ne4 Nxe4 18. Bxe4 g6 19. Qe3 Qe7 20. Rae1 1-0

[Event "Weekend A"]
[Site "Bergamo ITA"]
[Date "1998.10.??"]
[Round "2"]
[White "Griffa, Roberto"]
[Black "Lussana, Marco"]
[Result "1/2-1/2"]
[WhiteElo "2070"]
[BlackElo "1872"]
[PlyCount "88"]
[EventDate "1998.10.24"]

1. d4 Nf6 2. Nc3 d5 3. e4 dxe4 4. f3 exf3 5. Nxf3 Bg4 6. h3 Bh5 7. g4 Bg6 8.
Ne5 e6 9. Bg2 c6 10. h4 Bb4 11. h5 Be4 12. Bxe4 Nxe4 13. Qf3 Nd6 14. O-O f6 15.
Nd3 O-O 16. Nxb4 Qb6 17. Nd3 Qxd4+ 18. Be3 Qc4 19. Qf4 e5 20. Qxc4+ Nxc4 21.
Bc5 Rd8 22. b3 Nb6 23. Rad1 N8d7 24. Bxb6 axb6 25. a4 Nf8 26. Nb2 Ne6 27. Rxd8+
Rxd8 28. Rd1 Rxd1+ 29. Ncxd1 Nd4 30. Ne3 g6 31. hxg6 hxg6 32. Nbc4 Kf7 33. Kf2
Ke6 34. Nxb6 f5 35. gxf5+ gxf5 36. b4 f4 37. Nec4 Nxc2 38. Na5 Nxb4 39. Nxb7 e4
40. a5 Ke5 41. Nc5 Kd4 42. Ne6+ Ke5 43. Nc5 Kd4 44. Ne6+ Ke5 1/2-1/2

[Event "Weekend A"]
[Site "Bergamo ITA"]
[Date "1998.10.??"]
[Round "2"]
[White "Marino, Marco"]
[Black "Stefanelli, Alfredo"]
[Result "1-0"]
[WhiteElo "1776"]
[BlackElo "1714"]
[PlyCount "77"]
[EventDate "1998.10.24"]

1. e4 d6 2. d4 Nf6 3. Nc3 g6 4. Bg5 Bg7 5. Qd2 O-O 6. O-O-O c6 7. Kb1 b5 8. f3
Qc7 9. g4 Nbd7 10. Bh6 e5 11. Bxg7 Kxg7 12. dxe5 dxe5 13. h4 h5 14. g5 Nh7 15.
Nh3 Nb6 16. Qd6 Qxd6 17. Rxd6 b4 18. Nd1 Bxh3 19. Bxh3 c5 20. Ne3 c4 21. Rhd1
f6 22. gxf6+ Rxf6 23. Rxf6 Nxf6 24. Rd6 Rf8 25. Rc6 Ne8 26. Bg2 Rf6 27. Rc5 Re6
28. Nxc4 Nxc4 29. Rxc4 a5 30. Rc5 Kf6 31. c4 g5 32. Bh3 Rd6 33. hxg5+ Kxg5 34.
Rxe5+ Kh4 35. Rxe8 Kxh3 36. e5 Rd4 37. e6 Rxc4 38. e7 Rc7 39. f4 1-0

[Event "Weekend A"]
[Site "Bergamo ITA"]
[Date "1998.10.??"]
[Round "2"]
[White "Qendro, Llambi"]
[Black "Di Lernia, Ruggero"]
[Result "1/2-1/2"]
[WhiteElo "2375"]
[BlackElo "1726"]
[PlyCount "43"]
[EventDate "1998.10.24"]

1. d4 d5 2. c4 c6 3. cxd5 cxd5 4. Nc3 Nf6 5. Nf3 Nc6 6. Bf4 a6 7. e3 Bg4 8. Be2
e6 9. O-O Bd6 10. Bxd6 Qxd6 11. Nd2 Bxe2 12. Qxe2 O-O 13. Rfc1 Rfc8 14. Nb3 Nd7
15. Na4 h6 16. h3 Rc7 17. Rc3 Rac8 18. Rac1 Ncb8 19. Nac5 Nxc5 20. Rxc5 Rxc5
21. Rxc5 Rxc5 22. Nxc5 1/2-1/2

[Event "Weekend A"]
[Site "Bergamo ITA"]
[Date "1998.10.??"]
[Round "3"]
[White "Di Lernia, Ruggero"]
[Black "Griffa, Roberto"]
[Result "0-1"]
[WhiteElo "1726"]
[BlackElo "2070"]
[PlyCount "60"]
[EventDate "1998.10.24"]

1. e4 c6 2. d4 d5 3. Nc3 dxe4 4. Nxe4 Nd7 5. Bc4 Ngf6 6. Ng5 e6 7. Qe2 Nb6 8.
Bd3 h6 9. N5f3 c5 10. dxc5 Bxc5 11. Ne5 Nbd7 12. Ngf3 Qc7 13. Bf4 Bb4+ 14. Kf1
Bd6 15. Rd1 Nh5 16. g3 Nxf4 17. gxf4 O-O 18. Nxd7 Bxd7 19. Ne5 Bxe5 20. fxe5 f5
21. Rg1 Rfd8 22. f4 Be8 23. h4 Rd4 24. Qf2 Rad8 25. Kg2 Bb5 26. Be2 Rd2 27. c4
Bxc4 28. Rc1 Qc6+ 29. Kg3 Rxe2 30. Rxc4 Rd3+ 0-1

[Event "Weekend A"]
[Site "Bergamo ITA"]
[Date "1998.10.??"]
[Round "3"]
[White "Lussana, Marco"]
[Black "Qendro, Llambi"]
[Result "0-1"]
[WhiteElo "1872"]
[BlackElo "2375"]
[PlyCount "84"]
[EventDate "1998.10.24"]

1. Nf3 g6 2. g3 Bg7 3. Bg2 e5 4. d3 d6 5. O-O Nc6 6. e4 Nge7 7. Nbd2 O-O 8. c3
Bd7 9. a4 Qc8 10. Re1 Bh3 11. Bh1 h6 12. b4 g5 13. b5 Nd8 14. Nc4 Ng6 15. Bb2
f5 16. exf5 Qxf5 17. Ne3 Qf7 18. Qe2 Ne6 19. Nd2 Nc5 20. Bd5 Be6 21. Bxe6 Nxe6
22. Rad1 Nc5 23. a5 Rae8 24. Ne4 Nf4 25. gxf4 exf4 26. Nxc5 dxc5 27. Qf3 fxe3
28. Qxf7+ Rxf7 29. fxe3 Rf3 30. e4 Rd8 31. d4 cxd4 32. Kg2 g4 33. b6 axb6 34.
axb6 c5 35. cxd4 cxd4 36. e5 d3 37. Re4 h5 38. Ba3 Rc8 39. e6 Rc2+ 40. Kg1 Re2
41. Rxe2 dxe2 42. Rd8+ Rf8 0-1

[Event "Weekend A"]
[Site "Bergamo ITA"]
[Date "1998.10.??"]
[Round "3"]
[White "Mazzotti, Federico"]
[Black "Marino, Marco"]
[Result "1/2-1/2"]
[WhiteElo "1773"]
[BlackElo "1776"]
[PlyCount "85"]
[EventDate "1998.10.24"]

1. e4 e5 2. Nf3 Nf6 3. d4 Nxe4 4. Bd3 d5 5. Qe2 exd4 6. Bxe4 dxe4 7. Qxe4+ Qe7
8. Qxe7+ Bxe7 9. Nxd4 O-O 10. O-O Bd7 11. Nc3 Na6 12. Be3 c6 13. Rfd1 Rfd8 14.
Rd2 b6 15. Rad1 Nc7 16. Nf3 Be8 17. a4 Rxd2 18. Rxd2 Rd8 19. Rxd8 Bxd8 20. a5
c5 21. axb6 axb6 22. Nd2 Bc6 23. b3 Nd5 24. Nxd5 Bxd5 25. f3 Bc7 26. h3 f5 27.
Kf1 f4 28. Bg1 Kf7 29. Ke2 Kf6 30. Kd3 Kf5 31. c4 Bc6 32. Nb1 g5 33. Nc3 Ke5
34. Nd1 h5 35. Kc3 Kf5 36. b4 Be5+ 37. Kb3 cxb4 38. Bxb6 Bc3 39. Nxc3 bxc3 40.
Kxc3 g4 41. hxg4+ hxg4 42. fxg4+ Kxg4 43. Bc7 1/2-1/2

[Event "Weekend A"]
[Site "Bergamo ITA"]
[Date "1998.10.??"]
[Round "3"]
[White "Stefanelli, Alfredo"]
[Black "Fragni, Enrico"]
[Result "1/2-1/2"]
[WhiteElo "1714"]
[BlackElo "1822"]
[PlyCount "91"]
[EventDate "1998.10.24"]

1. d4 Nf6 2. Nf3 e6 3. Bf4 b6 4. Nbd2 Bb7 5. e3 Nc6 6. c3 Be7 7. Bd3 d6 8. e4
h6 9. h3 Qd7 10. Qc2 Nh5 11. Be3 g5 12. g3 Bf6 13. O-O-O O-O-O 14. Be2 Ng7 15.
Nh2 Be7 16. d5 Ne5 17. f4 Ng6 18. Rhf1 f5 19. dxe6 Qxe6 20. Bd4 Bf6 21. Bxf6
Qxf6 22. exf5 Nxf5 23. Bg4 Nge7 24. fxg5 Qxg5 25. Bxf5+ Kb8 26. Qd3 Rhf8 27. h4
Qg8 28. Kb1 Nxf5 29. Rxf5 Qg6 30. g4 Rf7 31. Kc2 Re7 32. Rdf1 Qg8 33. b3 Rde8
34. Qd4 Re2 35. R1f2 Be4+ 36. Kb2 Bxf5 37. gxf5 Rxf2 38. Qxf2 Qf7 39. Qf4 Qd5
40. Nhf3 Rf8 41. f6 Qe6 42. Qxh6 Rxf6 43. Qg5 Qf7 44. Qe3 Qh5 45. Qg5 Qf7 46.
Qe3 1/2-1/2

[Event "Weekend A"]
[Site "Bergamo ITA"]
[Date "1998.10.??"]
[Round "4"]
[White "Di Lernia, Ruggero"]
[Black "Stefanelli, Alfredo"]
[Result "1-0"]
[WhiteElo "1726"]
[BlackElo "1714"]
[PlyCount "49"]
[EventDate "1998.10.24"]

1. e4 d6 2. d4 Nf6 3. Nc3 g6 4. Be3 Bg7 5. f3 c6 6. Qd2 O-O 7. g4 e5 8. O-O-O
Qc7 9. h4 h5 10. dxe5 dxe5 11. Bc5 Re8 12. Bd6 Qa5 13. g5 Nh7 14. Bh3 Nf8 15.
Bxc8 Rxc8 16. Nge2 Ne6 17. Rhf1 Nd4 18. f4 Nxe2+ 19. Qxe2 exf4 20. e5 Re8 21.
Rxf4 Nd7 22. Qc4 Nxe5 23. Bxe5 Qxe5 24. Qxf7+ Kh8 25. Re4 1-0

[Event "Weekend A"]
[Site "Bergamo ITA"]
[Date "1998.10.??"]
[Round "4"]
[White "Lussana, Marco"]
[Black "Fragni, Enrico"]
[Result "1-0"]
[WhiteElo "1872"]
[BlackElo "1822"]
[PlyCount "71"]
[EventDate "1998.10.24"]

1. e4 c5 2. Nf3 d6 3. d3 Nc6 4. g3 e5 5. Bg2 Nf6 6. O-O Be7 7. Nbd2 b5 8. a4
Ba6 9. axb5 Bxb5 10. Re1 Na5 11. c3 O-O 12. d4 cxd4 13. cxd4 Nd7 14. Nf1 f6 15.
Ne3 exd4 16. Nxd4 Qb6 17. Nd5 Qd8 18. Nxb5 Nc6 19. Nxe7+ Qxe7 20. Qxd6 Qxd6 21.
Nxd6 Nde5 22. f4 Nd3 23. Rd1 Ndb4 24. e5 fxe5 25. fxe5 Rad8 26. Bf4 h6 27. Rac1
Ne7 28. Nb7 Rde8 29. Rc4 Na6 30. Ra4 Nb8 31. Rxa7 g5 32. Be3 Nf5 33. Bc5 Rxe5
34. Bxf8 Kxf8 35. Rf1 Kg8 36. Ra8 1-0

[Event "Weekend A"]
[Site "Bergamo ITA"]
[Date "1998.10.??"]
[Round "4"]
[White "Manzoni, Alessandro"]
[Black "Mazzotti, Federico"]
[Result "1-0"]
[WhiteElo "1800"]
[BlackElo "1773"]
[PlyCount "67"]
[EventDate "1998.10.24"]

1. d3 Nf6 2. g3 g6 3. Bg2 Bg7 4. e4 d6 5. Ne2 O-O 6. Nbc3 c5 7. Bg5 Nc6 8. Qd2
Ne5 9. f4 Nc6 10. h3 h6 11. Bh4 Bd7 12. g4 Qa5 13. Bf2 h5 14. gxh5 Nxh5 15. Bf3
Nf6 16. h4 e5 17. Ng3 Nd4 18. Be2 Nxe2 19. Ngxe2 Ng4 20. Rg1 exf4 21. Qxf4 Nxf2
22. Qxf2 b5 23. O-O-O b4 24. Nd5 b3 25. Nf6+ Kh8 26. axb3 Be6 27. Kb1 c4 28.
dxc4 Qe5 29. Rdf1 Rab8 30. Rg5 Bf5 31. exf5 Bxf6 32. Nc3 Bxg5 33. hxg5 Qxf5 34.
Qh4+ 1-0

[Event "Weekend A"]
[Site "Bergamo ITA"]
[Date "1998.10.??"]
[Round "4"]
[White "Qendro, Llambi"]
[Black "Griffa, Roberto"]
[Result "1-0"]
[WhiteElo "2375"]
[BlackElo "2070"]
[PlyCount "61"]
[EventDate "1998.10.24"]

1. d4 d5 2. c4 c6 3. cxd5 cxd5 4. Nc3 Nf6 5. Nf3 Nc6 6. Bf4 Ne4 7. e3 Nxc3 8.
bxc3 g6 9. Be2 Bg7 10. O-O O-O 11. c4 dxc4 12. Bxc4 Bg4 13. Rc1 e5 14. dxe5
Qxd1 15. Rfxd1 Bxf3 16. gxf3 Nxe5 17. Bd5 Rac8 18. Rxc8 Rxc8 19. Bxb7 Rb8 20.
Bxe5 Bxe5 21. Rd7 Rf8 22. f4 Bf6 23. Ba6 Rd8 24. Rxa7 Rd1+ 25. Kg2 Rd2 26. Bc4
Bh4 27. Rxf7 Kh8 28. f5 Rxf2+ 29. Kh3 Bg5 30. fxg6 Rxf7 31. gxf7 1-0

[Event "Weekend A"]
[Site "Bergamo ITA"]
[Date "1998.10.??"]
[Round "5"]
[White "Di Lernia, Ruggero"]
[Black "Marino, Marco"]
[Result "1/2-1/2"]
[WhiteElo "1726"]
[BlackElo "1776"]
[PlyCount "60"]
[EventDate "1998.10.24"]

1. e4 e5 2. d4 exd4 3. c3 dxc3 4. Bc4 cxb2 5. Bxb2 d5 6. Bxd5 Nf6 7. Bxf7+ Kxf7
8. Qxd8 Bb4+ 9. Qd2 Bxd2+ 10. Nxd2 Na6 11. Ngf3 Re8 12. e5 Nb4 13. O-O Ng4 14.
Rfc1 Nc6 15. Rc5 Be6 16. h3 Nh6 17. Ng5+ Kg8 18. Nxe6 Rxe6 19. f4 Rf8 20. g3 g5
21. Rc4 gxf4 22. gxf4 Nf5 23. Ne4 Ne3 24. Rc3 Rg6+ 25. Kf2 Nd5 26. Nf6+ Nxf6
27. exf6 Rfxf6 28. Rf3 Rf5 29. Rd1 Rd6 30. Rg1+ Rg6 1/2-1/2

[Event "Weekend A"]
[Site "Bergamo ITA"]
[Date "1998.10.??"]
[Round "5"]
[White "Fragni, Enrico"]
[Black "Qendro, Llambi"]
[Result "0-1"]
[WhiteElo "1822"]
[BlackElo "2375"]
[PlyCount "62"]
[EventDate "1998.10.24"]

1. b3 g6 2. Bb2 Nf6 3. d3 Bg7 4. Nd2 O-O 5. Ngf3 d6 6. h3 e5 7. e4 Nc6 8. Be2
Bd7 9. c4 Qe7 10. Nf1 Nd8 11. Ne3 Ne6 12. g3 c5 13. Nd5 Nxd5 14. cxd5 Nd4 15.
Nxd4 cxd4 16. Qd2 Rac8 17. Qb4 b6 18. Ba3 Rc5 19. Qd2 Rc3 20. Bb4 Rcc8 21. Kf1
f5 22. f3 fxe4 23. dxe4 a5 24. Ba3 h5 25. h4 Kh7 26. Bc1 Rc3 27. Qg5 Qf7 28.
Ke1 Rxf3 29. Kd1 d3 30. Bxf3 Qxf3+ 31. Kd2 Qe2+ 0-1

[Event "Weekend A"]
[Site "Bergamo ITA"]
[Date "1998.10.??"]
[Round "5"]
[White "Griffa, Roberto"]
[Black "Mazzotti, Federico"]
[Result "0-1"]
[WhiteElo "2070"]
[BlackElo "1773"]
[PlyCount "104"]
[EventDate "1998.10.24"]

1. d4 c5 2. c3 cxd4 3. cxd4 Nf6 4. Nc3 g6 5. Bf4 d6 6. e3 Bg7 7. Nf3 O-O 8. Be2
Qb6 9. Qb3 Be6 10. Qxb6 axb6 11. O-O Nd5 12. Nxd5 Bxd5 13. Rfc1 Nc6 14. Bc4
Bxf3 15. gxf3 e5 16. Bg3 exd4 17. Bxd6 Rfc8 18. Rc2 Na5 19. Rac1 Nxc4 20. Rxc4
Rxc4 21. Rxc4 d3 22. Rc1 Bxb2 23. Rd1 Rd8 24. Bc7 Rc8 25. Bxb6 Rc1 26. Rxc1
Bxc1 27. Kf1 Bd2 28. Bc5 Kg7 29. a3 Kf6 30. f4 Kf5 31. f3 Ke6 32. e4 Bxf4 33.
Bg1 Bd2 34. Bd4 f5 35. h4 fxe4 36. fxe4 b5 37. Kf2 Bc1 38. Kf3 Bxa3 39. Ke3 Be7
40. h5 gxh5 41. Kxd3 h4 42. Ke3 b4 43. Kf3 Bf6 44. Bc5 b3 45. Ba3 h5 46. Bc1
Be5 47. Kg2 Bc3 48. Kh3 Ke5 49. Kxh4 Kxe4 50. Kxh5 Kd3 51. Kg4 Kc2 52. Ba3 Bb4
0-1

[Event "Weekend A"]
[Site "Bergamo ITA"]
[Date "1998.10.??"]
[Round "5"]
[White "Stefanelli, Alfredo"]
[Black "Lussana, Marco"]
[Result "1/2-1/2"]
[WhiteElo "1714"]
[BlackElo "1872"]
[PlyCount "102"]
[EventDate "1998.10.24"]

1. d4 Nf6 2. Nf3 g6 3. c4 Bg7 4. Nc3 O-O 5. e4 d6 6. Be2 e5 7. O-O Nc6 8. d5
Ne7 9. Ne1 Nd7 10. f4 exf4 11. Bxf4 f5 12. Qd2 fxe4 13. Nxe4 Nf5 14. Nf3 Ne5
15. Nxe5 dxe5 16. Bg5 Qe8 17. Bg4 h6 18. Be3 Nxe3 19. Rxf8+ Qxf8 20. Bxc8 Rxc8
21. Qxe3 Qf4 22. Qe2 Rf8 23. Rf1 Qh4 24. Rxf8+ Bxf8 25. g3 Qh3 26. Qf3 Qf5 27.
Kg2 Kg7 28. g4 Qf4 29. Qxf4 exf4 30. g5 hxg5 31. Nxg5 Kh6 32. Ne6 Bd6 33. Kf3
b6 34. Nxf4 g5 35. Ne6 Bxh2 36. Kg4 Kg6 37. Nxg5 Kf6 38. Nf3 Bd6 39. b3 a6 40.
Ng5 Ke5 41. Nf7+ Kd4 42. Nxd6 cxd6 43. Kf5 b5 44. Ke6 bxc4 45. bxc4 Kc5 46. a3
a5 47. Ke7 a4 48. Ke6 Kxc4 49. Kxd6 Kb3 50. Kc5 Kxa3 51. d6 Kb2 1/2-1/2

[Event "Weekend A"]
[Site "Bergamo ITA"]
[Date "1998.10.??"]
[Round "6"]
[White "Griffa, Roberto"]
[Black "Stefanelli, Alfredo"]
[Result "1-0"]
[WhiteElo "2070"]
[BlackElo "1714"]
[PlyCount "47"]
[EventDate "1998.10.24"]

1. d4 Nf6 2. Nf3 c5 3. d5 d6 4. Nc3 g6 5. e4 Bg7 6. Bb5+ Bd7 7. a4 a6 8. Be2
Bg4 9. Nd2 Bxe2 10. Qxe2 O-O 11. O-O e5 12. Nc4 Ne8 13. f4 Nd7 14. f5 Ndf6 15.
Bd2 Qd7 16. Nb6 Qd8 17. Nxa8 Qxa8 18. Rf3 Qd8 19. Raf1 Qb6 20. b3 c4+ 21. Be3
Qb4 22. Qxc4 Qxc4 23. bxc4 Ng4 24. Bg5 1-0

[Event "Weekend A"]
[Site "Bergamo ITA"]
[Date "1998.10.??"]
[Round "6"]
[White "Lussana, Marco"]
[Black "Marino, Marco"]
[Result "1-0"]
[WhiteElo "1872"]
[BlackElo "1776"]
[PlyCount "61"]
[EventDate "1998.10.24"]

1. Nf3 Nf6 2. d4 g6 3. Bg5 Bg7 4. Nbd2 O-O 5. c3 d6 6. e4 Nbd7 7. Be2 c6 8. O-O
e5 9. dxe5 dxe5 10. Qc2 h6 11. Bh4 b5 12. a4 Qb6 13. axb5 cxb5 14. Qb3 Rb8 15.
Bg3 Nh5 16. Rfe1 Nxg3 17. hxg3 Nc5 18. Qa3 a6 19. Bf1 Rd8 20. c4 Bd7 21. b4 Na4
22. c5 Qe6 23. Rac1 Bc6 24. Qb3 Qg4 25. Be2 Qc8 26. Qc2 Qc7 27. Nb3 Bf8 28. Nh2
Ba8 29. Rcd1 Rdc8 30. Ng4 a5 31. Rd7 1-0

[Event "Weekend A"]
[Site "Bergamo ITA"]
[Date "1998.10.??"]
[Round "6"]
[White "Manzoni, Alessandro"]
[Black "Di Lernia, Ruggero"]
[Result "1-0"]
[WhiteElo "1800"]
[BlackElo "1726"]
[PlyCount "89"]
[EventDate "1998.10.24"]

1. d3 Nf6 2. g3 e6 3. e4 d5 4. e5 Nfd7 5. f4 c5 6. Bg2 Nc6 7. Nf3 Be7 8. Nc3 a6
9. Bd2 Rb8 10. a4 b5 11. axb5 axb5 12. h4 b4 13. Ne2 Nb6 14. Ng5 Bb7 15. O-O h6
16. Nf3 O-O 17. Qc1 f5 18. Kh2 Rc8 19. Bh3 Ra8 20. Rxa8 Bxa8 21. Be1 h5 22. d4
c4 23. Qd1 g6 24. Ng5 Bxg5 25. fxg5 Bb7 26. Nf4 Kf7 27. c3 b3 28. Nxh5 gxh5 29.
Qxh5+ Ke7 30. Bd2 Rh8 31. Qf3 Qe8 32. g4 Kd8 33. h5 Ne7 34. g6 Nxg6 35. hxg6
Qxg6 36. gxf5 exf5 37. Rg1 Qh5 38. Bg5+ Ke8 39. Qxf5 Bc8 40. e6 Qe2+ 41. Kg3
Qd3+ 42. Qxd3 cxd3 43. Bf5 Nc4 44. Bg6+ Kf8 45. Rf1+ 1-0

[Event "Weekend A"]
[Site "Bergamo ITA"]
[Date "1998.10.??"]
[Round "6"]
[White "Mazzotti, Federico"]
[Black "Qendro, Llambi"]
[Result "0-1"]
[WhiteElo "1773"]
[BlackElo "2375"]
[PlyCount "40"]
[EventDate "1998.10.24"]

1. e4 g6 2. d4 Bg7 3. Nc3 c6 4. Be3 d5 5. e5 f6 6. f4 Nh6 7. h3 O-O 8. Qd2 fxe5
9. fxe5 Nf5 10. Nge2 Nxe3 11. Qxe3 b5 12. g4 Nd7 13. O-O-O Qa5 14. Ng3 b4 15.
Nb1 Qxa2 16. h4 c5 17. h5 cxd4 18. Rxd4 Nxe5 19. hxg6 hxg6 20. Bd3 Rf3 0-1

[Event "X Festival A"]
[Site "Udine ITA"]
[Date "1998.10.??"]
[Round "3"]
[White "Pagnutti, Lorenzo"]
[Black "Tonon, Alessandro"]
[Result "0-1"]
[WhiteElo "1964"]
[BlackElo "2195"]
[PlyCount "116"]
[EventDate "1998.10.24"]

1. e4 c5 2. c3 Nf6 3. e5 Nd5 4. d4 cxd4 5. Qxd4 e6 6. Bc4 Nc6 7. Qe4 d6 8. Nf3
dxe5 9. Nxe5 Nxe5 10. Qxe5 Nb6 11. Bb5+ Bd7 12. Bg5 Qb8 13. Qe2 Bd6 14. Be3 a6
15. Bxd7+ Nxd7 16. Qg4 O-O 17. Bh6 Be5 18. f4 f5 19. Qg3 Bf6 20. Nd2 e5 21.
O-O-O Nc5 22. Kb1 e4 23. Bg5 Bxg5 24. fxg5 Qxg3 25. hxg3 Nd3 26. Rdg1 Rad8 27.
Kc2 Rfe8 28. Nb3 g6 29. Nd4 Ne5 30. Rh4 Rd7 31. Rf1 Ng4 32. Re1 Rc8 33. Kb1 Ne5
34. Reh1 Nc6 35. Ne6 Re8 36. Nf4 Ne5 37. Ne2 Ree7 38. Kc2 Nc6 39. g4 e3 40. Re1
Rd2+ 41. Kc1 Ne5 42. Nf4 Rf2 43. Nd5 Nd3+ 44. Kb1 Re6 45. gxf5 gxf5 46. Rxe3
Rxe3 47. Nxe3 Rxb2+ 48. Ka1 Re2 49. Nd1 Rc2 50. a4 Rc1+ 51. Ka2 Rxd1 52. Kb3
Nc5+ 53. Kc2 Rd5 54. Rb4 Kg7 55. Rb6 f4 56. Rf6 Rxg5 57. Rxf4 Rxg2+ 58. Kd1 Kg6
0-1

[Event "X Festival A"]
[Site "Udine ITA"]
[Date "1998.10.??"]
[Round "4"]
[White "De Poi, Paolo"]
[Black "Tonon, Alessandro"]
[Result "1-0"]
[WhiteElo "2101"]
[BlackElo "2195"]
[PlyCount "101"]
[EventDate "1998.10.24"]

1. e4 c5 2. Nf3 e6 3. d4 cxd4 4. Nxd4 Nc6 5. Nb5 d6 6. c4 Nf6 7. N1c3 a6 8. Na3
Be7 9. Be2 O-O 10. O-O Qc7 11. Be3 Nd7 12. Rc1 Nc5 13. Qd2 b6 14. Rfd1 Bb7 15.
Nc2 Ne5 16. f3 Rac8 17. Nd4 Qb8 18. Kh1 Rfd8 19. b3 Qa8 20. Qb2 Bf6 21. b4 Ncd7
22. Qb3 Be7 23. a4 Nf6 24. Bf1 Bf8 25. Bg5 Be7 26. Bh4 Ng6 27. Bf2 Ne5 28. Nc2
Ned7 29. Bg3 Ne5 30. Ne3 Nh5 31. Bf2 Nf6 32. Rc2 Qb8 33. Rcd2 h6 34. Qa3 Qc7
35. Bg1 Bf8 36. Qb3 Be7 37. h3 Qb8 38. Bh2 Qa8 39. Ra2 Qb8 40. a5 bxa5 41. Rxa5
Nfd7 42. Ra2 Bf6 43. Rad2 Be7 44. c5 Qc7 45. cxd6 Qxc3 46. Qxc3 Rxc3 47. dxe7
Re8 48. Bxe5 Nxe5 49. Rd8 Rc8 50. Rxc8 Bxc8 51. Rd8 1-0

[Event "X Festival A"]
[Site "Udine ITA"]
[Date "1998.10.??"]
[Round "6"]
[White "De Poi, Paolo"]
[Black "De Val, Daniele"]
[Result "1-0"]
[WhiteElo "2101"]
[BlackElo "1936"]
[PlyCount "77"]
[EventDate "1998.10.24"]

1. e4 e5 2. Nf3 Nc6 3. Bb5 f5 4. Nc3 fxe4 5. Nxe4 Nf6 6. Nxf6+ Qxf6 7. Qe2 d6
8. d4 Bg4 9. dxe5 dxe5 10. Qxe5+ Be7 11. Qxf6 Bxf6 12. O-O O-O 13. c3 Bxf3 14.
gxf3 Be5 15. Re1 Bd6 16. Bxc6 bxc6 17. Kg2 Rf5 18. Re4 Raf8 19. Be3 a5 20. Rc4
Rxf3 21. Rxc6 R3f5 22. Rc4 R8f6 23. h3 Rg6+ 24. Rg4 Rxg4+ 25. hxg4 Rb5 26. b3
Be5 27. Rc1 a4 28. b4 a3 29. Bc5 Kf7 30. Kf3 Ke6 31. Ke4 Bd6 32. Bxd6 Kxd6 33.
Rh1 h6 34. Rh5 Rb8 35. Ra5 Re8+ 36. Kf3 Rf8+ 37. Kg3 Re8 38. Rxa3 Kd5 39. Ra5+
1-0

[Event "I Weekend A"]
[Site "Porto Sant'Elpidio ITA"]
[Date "1998.10.??"]
[Round "?"]
[White "Amaranto, Luca"]
[Black "Bastarelli, Giuseppe"]
[Result "1-0"]
[WhiteElo "1720"]
[BlackElo "1950"]
[PlyCount "75"]
[EventDate "1998.10.17"]

1. e4 e5 2. Nf3 Nc6 3. Bc4 Nf6 4. d3 Bc5 5. c3 d6 6. O-O h6 7. Nbd2 O-O 8. h3
Qe7 9. Re1 Nd8 10. d4 Bb6 11. Qc2 c6 12. Nf1 Bc7 13. Ng3 Re8 14. Bd2 Qf8 15. a4
Ne6 16. Rad1 a6 17. b4 exd4 18. cxd4 d5 19. exd5 cxd5 20. Ba2 Bxg3 21. fxg3 Qd6
22. Bf4 Qxb4 23. Be5 Ne4 24. Bxd5 Nc3 25. Bxe6 Bxe6 26. d5 Nxd5 27. Rb1 Qe7 28.
Qe2 f6 29. Bd4 Qd6 30. Qf2 Bd7 31. Rxe8+ Rxe8 32. Rxb7 Bxa4 33. Nh4 Bc6 34. Nf5
Qe6 35. Rxg7+ Kf8 36. Bc5+ Ne7 37. Bxe7+ Rxe7 38. Rxe7 1-0